Phenology of tropical forests: adaptive significance and consequences for primary consumers (Registro nro. 9758)

Detalles MARC
000 -CABECERA
Campo de control 005970000a22001810004500
090 ## - CLASIFICACIÓN LOCAL
Colección AR
Consecutivo 00667
041 0# - IDIOMA
Código de idioma para texto/pista de sonido o título separado
100 1# - ASIENTO PRINCIPAL--NOMBRE PERSONAL
Nombre personal Schaik, Carel P., van
245 10 - MENCION DE TITULO
Título Phenology of tropical forests: adaptive significance and consequences for primary consumers
650 14 - ASIENTO SECUNDARIO DE MATERIA - TERMINO TEMATICO
Término temático o nombre geográfico como elemento de entrada Fenología
650 14 - ASIENTO SECUNDARIO DE MATERIA - TERMINO TEMATICO
Término temático o nombre geográfico como elemento de entrada Producción primaria
650 14 - ASIENTO SECUNDARIO DE MATERIA - TERMINO TEMATICO
Término temático o nombre geográfico como elemento de entrada Ecología
650 14 - ASIENTO SECUNDARIO DE MATERIA - TERMINO TEMATICO
Término temático o nombre geográfico como elemento de entrada Bosques tropicales
700 1# - ASIENTO SECUNDARIO - NOMBRE PERSONAL
Nombre personal Terborgh, John W.
700 1# - ASIENTO SECUNDARIO - NOMBRE PERSONAL
Nombre personal Wrigth, S. Joseph
773 1# - Item fuente:
Título Annual Review of Ecology and Systematics
Especificación de materiales 205
Descripción física 24
Paginas del Articulo 353-377
Lugar, editorial y fecha de publicación 1993
942 ## - ELEMENTOS ADICIONALES (KOHA)
Tipo de ítem Artículo
Existencias
Withdrawn status Lost status Damaged status No para préstamo Colección Ubicación Permanente Ubicación actual Fecha de adquisición Fuente de Valor Datos de publicación Seriada Total Checkouts Número topográfico Inventario / Código de Barras Date last seen Ejemplar Price effective from Forma de adquisición Tipo de material
      No para Préstamo Hemeroteca Bogotá Bogotá 27/02/2015 Muñoz Saba, Yaneth Fuera de circulación   AR 00667 010981 25/03/2015 1 25/03/2015   Artículo